000 00785nam a2200217Ia 4500
001 16955
003 GE_BSU
008 181216s||||||||xx |||||||||||||| ||und||
040 _cGE_BSU
080 _a821.353.1.09 + 821.353.1-4+821
100 _aასათიანი, ლევან
245 _aლიტერატურა და სხვა
245 _bწერილების კრებული
260 _aთბილისი
260 _bფედერაცია
260 _c1933
300 _aლიტერატურა და სხვა
300 _bქართული ლიტერატურის ისტორია და კრიტიკა
653 _aლიტერატურა და სხვა
942 _cBK
999 _c50017
_d50017